| 000 -LEADER |
| fixed length control field |
01527nam a22004097a 4500 |
| 001 - CONTROL NUMBER |
| control field |
14083484 |
| 003 - CONTROL NUMBER IDENTIFIER |
| control field |
LIBRIS |
| 005 - DATE AND TIME OF LATEST TRANSACTION |
| control field |
20210501122742.0 |
| 008 - FIXED-LENGTH DATA ELEMENTS--GENERAL INFORMATION |
| fixed length control field |
130426s1986 xx |||||||||||000 1|eng|d |
| 020 ## - INTERNATIONAL STANDARD BOOK NUMBER |
| International Standard Book Number |
9780553212419 |
| Qualifying information |
pocket |
| 035 ## - SYSTEM CONTROL NUMBER |
| System control number |
(BOKR)9780553212419 |
| 040 ## - CATALOGING SOURCE |
| Original cataloging agency |
BOKR |
| Description conventions |
i |
| Language of cataloging |
eng |
| Transcribing agency |
DLC |
| 041 ## - LANGUAGE CODE |
| Language code of text/sound track or separate title |
eng |
| 080 ## - UNIVERSAL DECIMAL CLASSIFICATION NUMBER |
| Universal Decimal Classification number |
821.111 |
| Item number |
D-79 |
| 100 1# - MAIN ENTRY--PERSONAL NAME |
| Personal name |
Doyle, Arthur Conan |
| Relationship |
aut |
| 245 10 - TITLE STATEMENT |
| Title |
Sherlock Holmes Vol 1 |
| Remainder of title |
: The Complete Novels and Stories |
| Statement of responsibility, etc. |
/ by: Bantam Books |
| 260 ## - PUBLICATION, DISTRIBUTION, ETC. |
| Place of publication, distribution, etc. |
New York |
| Name of publisher, distributor, etc. |
Bantam Books |
| Date of publication, distribution, etc. |
1986 |
| 263 ## - PROJECTED PUBLICATION DATE |
| Projected publication date |
198611 |
| 264 #1 - PRODUCTION, PUBLICATION, DISTRIBUTION, MANUFACTURE, AND COPYRIGHT NOTICE |
| Name of producer, publisher, distributor, manufacturer |
Random House USA, |
| Date of production, publication, distribution, manufacture, or copyright notice |
1986 |
| 300 ## - PHYSICAL DESCRIPTION |
| Extent |
1059 sidor vol. 1 924 p. |
| Dimensions |
17.7 cm |
| 336 ## - CONTENT TYPE |
| Content type term |
text |
| Content type code |
txt |
| Source |
rdacontent |
| 337 ## - MEDIA TYPE |
| Media type term |
unmediated |
| Media type code |
n |
| Source |
rdamedia |
| 338 ## - CARRIER TYPE |
| Carrier type term |
volume |
| Carrier type code |
nc |
| Source |
rdacarrier |
| 365 ## - TRADE PRICE |
| Price amount |
6.95 usd |
| 490 0# - SERIES STATEMENT |
| Series statement |
Shelock Holmes |
| 520 ## - SUMMARY, ETC. |
| Summary, etc. |
Sherlock Holmes The Complete Novels and Stories Volume I |
| 650 #0 - SUBJECT ADDED ENTRY--TOPICAL TERM |
| 9 (RLIN) |
247 |
| Topical term or geographic name entry element |
English literature |
| 653 ## - INDEX TERM--UNCONTROLLED |
| Uncontrolled term |
ინგლისური ლიტერატურა |
| 887 ## - NON-MARC INFORMATION FIELD |
| Content of non-MARC field |
{"@id":"4nglh2rg367dmp0","modified":"2021-01-09T08:03:26.99+01:00","checksum":"74464507027"} |
| Source of data |
librisxl |
| 887 ## - NON-MARC INFORMATION FIELD |
| Content of non-MARC field |
{"@id":"w17sgwz23bx2cw8","modified":"2014-01-02T10:30:52+01:00","checksum":"77947149242"} |
| Source of data |
librisxl |
| 887 ## - NON-MARC INFORMATION FIELD |
| Content of non-MARC field |
{"@id":"5gpvmlh13qtz8pz2","modified":"2019-08-22T10:57:56.652+02:00","checksum":"71243243477"} |
| Source of data |
librisxl |
| 942 ## - ADDED ENTRY ELEMENTS (KOHA) |
| Source of classification or shelving scheme |
|
| Koha item type |
Books |